Italian animals - Statistics

General Stats
  • This quiz has been taken 59 times
  • The average score is 36 of 60
Answer Stats
Picture Hint Answer % Correct
Cane
91%
Gatto
88%
Leone
88%
Panda
88%
Tigre
88%
Zebra
88%
Elefante
85%
Koala
82%
Cavallo
79%
Orso
79%
Serpente
79%
General name Pesce
76%
Lupo
71%
Gallo
68%
Giraffa
68%
Gorilla
65%
Maiale
65%
Delfino
62%
Farfalla
62%
Mucca
62%
Rana
62%
Rinoceronte
62%
Scorpione
62%
Topo
62%
Ape
59%
Capra
59%
Orca
59%
Pecora
59%
Volpe
59%
Anatra
56%
Asino
56%
Balena
56%
Coniglio
56%
Mosca
56%
Pinguino
56%
Ragno
56%
Cigno
53%
Coccodrillo
53%
Formica
53%
Tartaruga
53%
Canguro
50%
Ghepardo
50%
Ippopotamo
50%
Oca
50%
Pappagallo
50%
Pipistrello
50%
Scoiattolo
50%
General name Uccello
50%
Cervo
47%
Lumaca
47%
Squalo
47%
Foca
44%
Coccinella
41%
Giaguaro
41%
Orango
41%
Scimpanzé
41%
Fenicottero
38%
Struzzo
38%
Tricheco
38%
Procione
32%
No matching quizzes found
Score Distribution
Percent of People with Each Score
Percentile by Number Answered
Your Score History
You have not taken this quiz